Victory

Αποθηκεύτηκε σε:
Λεπτομέρειες βιβλιογραφικής εγγραφής
Κύριος συγγραφέας: Conrad, Joseph, 1857-1924
Άλλοι συγγραφείς: Rodger, Willie (Εικονογράφος)
Μορφή: Βιβλίο
Γλώσσα:English
Δημοσίευση: London : Collins ELT, 1982
Σειρά:Collins English Library
Θέματα:
Ετικέτες: Προσθήκη ετικέτας
Δεν υπάρχουν, Καταχωρήστε ετικέτα πρώτοι!

MARC

LEADER 00000cam a2200000 i 4500
001 1/53657
008 980320s1982 eng d
020 |a 0003701255 
035 |l 10027555 
040 |a GR-MY-UA  |b gre  |e aacr 
041 0 |a eng 
082 0 |a 428.64 
100 1 |a Conrad, Joseph,   |d 1857-1924. 
245 1 0 |a Victory /  |c Joseph Conrad ; abridged and simplified by Viola Huggins ; illustrations by Willie Rodger 
260 |a London :   |b Collins ELT,   |c 1982 
300 |a 92 p. 
490 1 |a Collins English Library 
650 0 0 |a English language  |v Textbooks for foreign speakers. 
700 1 |a Huggins, Viola,  |e oth 
700 1 |a Rodger, Willie,  |e ill 
830 0 |a Collins English Library 
852 |a INST  |b CHIOS  |e 19980320  |h 428.64 CON  |p 005200009642  |q 005200009642  |t BK  |y 0 
901 |a BIBL-1998-1 
909 |a Χ  |b 053971